00724nam a2200169Ia 4500003000200000005001700002008004100019050003100060100002700091245013100118260009000249300003900339504004100378650004300419650003700462650005500499020250131093724.0150126s9999 xx 000 0 und d aPHS SB 299.C6b.An635 2014 aAntonio, Sean Marco S. 4aThe effect of amount of coconut husk charcoal on the adsorption of copper in copper sulfate solution /cSean Marco S. Antonio. aLas Piñas City, Philippines :bSouthville International School and Colleges,c2014. a19 pages :billustration ;c28 cm. aIncludes bibliographical references. aCoconut huskvIndustrial applications. aCharcoalvAdsorption properties. aEnvironmental remediationvBiosorption techniques.